<?xml version="1.0" encoding="UTF-8"?>
<record
    xmlns:xsi="http://www.w3.org/2001/XMLSchema-instance"
    xsi:schemaLocation="http://www.loc.gov/MARC21/slim http://www.loc.gov/standards/marcxml/schema/MARC21slim.xsd"
    xmlns="http://www.loc.gov/MARC21/slim">

  <leader>01395nam a22003377a 4500</leader>
  <controlfield tag="001">0147</controlfield>
  <controlfield tag="003">DO-SdBNP</controlfield>
  <controlfield tag="005">20160830115101.0</controlfield>
  <controlfield tag="007">0147</controlfield>
  <controlfield tag="008"> 2014557 2007 mx /c</controlfield>
  <datafield tag="020" ind1=" " ind2=" ">
    <subfield code="a">9789708120128</subfield>
  </datafield>
  <datafield tag="040" ind1=" " ind2=" ">
    <subfield code="6">BPMSU</subfield>
    <subfield code="8">spa</subfield>
    <subfield code="a">BPMSU</subfield>
    <subfield code="c">rdc</subfield>
  </datafield>
  <datafield tag="082" ind1=" " ind2=" ">
    <subfield code="a">395 </subfield>
    <subfield code="b">V297a</subfield>
  </datafield>
  <datafield tag="100" ind1=" " ind2=" ">
    <subfield code="a">Vargas, Gaby</subfield>
    <subfield code="d">1953-</subfield>
  </datafield>
  <datafield tag="245" ind1=" " ind2=" ">
    <subfield code="a">El arte de convivir en la vida cotidiana /</subfield>
    <subfield code="b"> </subfield>
    <subfield code="c">Gaby Vargas </subfield>
  </datafield>
  <datafield tag="260" ind1=" " ind2=" ">
    <subfield code="a">M&#xE9;xico : </subfield>
    <subfield code="b">Punto de lectura,</subfield>
    <subfield code="c">2007</subfield>
  </datafield>
  <datafield tag="300" ind1=" " ind2=" ">
    <subfield code="a">491 p. </subfield>
    <subfield code="c">15 cm.</subfield>
  </datafield>
  <datafield tag="490" ind1=" " ind2=" ">
    <subfield code="a">Punto de lectura</subfield>
    <subfield code="v">143/4</subfield>
  </datafield>
  <datafield tag="505" ind1=" " ind2=" ">
    <subfield code="a">Agradecimientos--</subfield>
    <subfield code="t">Introducci&#xF3;n --</subfield>
    <subfield code="t">El arte de recibir y ser recibido --</subfield>
    <subfield code="t">La comida, el centro de reuni&#xF3;n -- </subfield>
    <subfield code="t">C&#xF3;mo vestir la mesa -- </subfield>
    <subfield code="t">Comer es un placer -- </subfield>
    <subfield code="t">Recibir y presentar -- </subfield>
    <subfield code="t">A la mesa --</subfield>
    <subfield code="t">El fumador -- </subfield>
    <subfield code="t">Coctel --</subfield>
    <subfield code="t">La m&#xFA;sica -- </subfield>
    <subfield code="t">&#xBF;Qu&#xE9; dice nuestro cuerpo?--</subfield>
    <subfield code="t">Escuchando se entiende la gente -- </subfield>
    <subfield code="t">El que mucho se despide -- </subfield>
    <subfield code="t">Hospitalidad de fin de semana --</subfield>
    <subfield code="t">Las fiestas de la vida -- </subfield>
    <subfield code="t">&#xBF;Quieres casarte conmigo --</subfield>
    <subfield code="t">El valor de comunicarse por escrito -- </subfield>
    <subfield code="t">Bibliograf&#xED;a --</subfield>
    <subfield code="t">&#xCD;ndice </subfield>
  </datafield>
  <datafield tag="650" ind1=" " ind2="4">
    <subfield code="a">ARTE DE VIVIR</subfield>
  </datafield>
  <datafield tag="650" ind1=" " ind2="4">
    <subfield code="a">HABILIDADES SOCIALES</subfield>
  </datafield>
  <datafield tag="650" ind1=" " ind2="4">
    <subfield code="a">CONDUCTA DE VIDA</subfield>
  </datafield>
  <datafield tag="650" ind1=" " ind2="4">
    <subfield code="a">CONDUCTA HUMANA</subfield>
  </datafield>
  <datafield tag="650" ind1=" " ind2="4">
    <subfield code="a">CORTES&#xCD;A</subfield>
  </datafield>
  <datafield tag="650" ind1=" " ind2="4">
    <subfield code="a">ETIQUETA</subfield>
  </datafield>
  <datafield tag="650" ind1=" " ind2="4">
    <subfield code="a">SUPERACI&#xD3;N PERSONAL</subfield>
  </datafield>
  <datafield tag="650" ind1=" " ind2="4">
    <subfield code="a">PERSONALIDAD Y CULTURA</subfield>
  </datafield>
  <datafield tag="830" ind1=" " ind2=" ">
    <subfield code="a">Punto de lectura</subfield>
    <subfield code="v">143/4</subfield>
  </datafield>
  <datafield tag="942" ind1=" " ind2=" ">
    <subfield code="2">ddc</subfield>
    <subfield code="c">BK</subfield>
  </datafield>
  <datafield tag="956" ind1=" " ind2=" ">
    <subfield code="a">VMATEO</subfield>
    <subfield code="b">10</subfield>
    <subfield code="c">BPMSU</subfield>
    <subfield code="d">20160824</subfield>
    <subfield code="f">0069</subfield>
  </datafield>
  <datafield tag="999" ind1=" " ind2=" ">
    <subfield code="c">11224</subfield>
    <subfield code="d">11224</subfield>
  </datafield>
</record>
